| 000 | 00670nam a2200193 a 4500 | ||
|---|---|---|---|
| 008 | 100930s2005 ||||||||||||||||| || u | ||
| 020 | _a0415252253 | ||
| 050 | _aHT 108.5 Enc | ||
| 100 | _aCaves, Roger W | ||
| 245 | 1 | 0 |
_aEncyclopedia of the city _cedited by Roger W. Caves |
| 260 |
_aLondon: _bRoutledge _c2005 |
||
| 300 | _axxx, 564p. | ||
| 350 | _a0.00 | ||
| 650 | 0 | _aSOCIOLOGY | |
| 650 | _aCITIES AND TOWNS--ENCYCLOPEDIAS | ||
| 650 | _aCITY PLANNING--ENCYCLOPEDIAS | ||
| 650 | _aSOCIOLOGY, URBAN--ENCYCLOPEDIAS | ||
| 995 |
_D0.00 _FCBU-MAIN LIBRARY (Kitwe) _H1 _I0.00 _M1 _UREFERENCE _WOct 7, 2010 _ZReference Collection |
||
| 999 |
_c41828 _d41828 |
||